Movies Quiz

Random Movies Quiz

Remade movies Quiz Stats

 Plays Quiz not verified by Sporcle

Challenge
Share
Tweet
Embed
Score 0/16 Timer 06:00
0 Plays Today
Year of original Title % Correct
1960Psycho
63.3%
1974The Texas Chainsaw Massacre
48.3%
1953War of the Worlds
38.3%
1951The Thing
33.3%
1998The Ring
31.7%
1962Cape Fear
28.3%
1979The Amityville Horror
20%
1950Cheaper By The Dozen
18.3%
Year of original Title % Correct
1963The Pink Panther
18.3%
1978The Dawn of the Dead
16.7%
1954The Magnificent Seven
15%
1969The Italian Job
13.3%
1979The Omen
13.3%
1988The Vanishing
8.3%
1973The Wicker Man
6.7%
1960The Time Machine
3.3%

You're not logged in!

Compare scores with friends on all Sporcle quizzes.
Join for Free
OR
Log In

You Might Also Like...

Show Comments

Extras

Created Feb 7, 2011ReportNominate
Tags:genre, original, remade

Top Quizzes Today


Score Distribution

Your Account Isn't Verified!

In order to create a playlist on Sporcle, you need to verify the email address you used during registration. Go to your Sporcle Settings to finish the process.

Report this User

Report this user for behavior that violates our Community Guidelines.

Details: